Biblioteca y Centro de Documentación

Systèmes et procédures de certification des qualifications au Luxembourg (Registro nro. 1998)

Detalles MARC
000 -CABECERA
Longitud fija campo de control 01271nam a2200361 c 4500
001 - NÚMERO DE CONTROL
Número de control 1998
003 - IDENTIFICADOR DE NÚMERO DE CONTROL
Identificador del número de control ES-MaCES
005 - FECHA Y HORA DE LA ÚLTIMA TRANSACCIÓN
Fecha y hora de la última transacción 20180205141719.0
008 - CAMPO FIJO DE DESCRIPCIÓN FIJA--INFORMACIÓN GENERAL
Códigos de información de longitud fija   940927s1993 gw ||| | fre d
035 ## - NÚMERO DE CONTROL DEL SISTEMA
Número de control del sistema CES19980020114m
040 ## - FUENTE DE CATALOGACIÓN
Centro catalogador de origen ES-MaCES
Lengua de catalogación spa
Centro transcriptor ES-MaCES
100 1# - ENCABEZAMIENTO PRINCIPAL--NOMBRE PERSONAL
Nombre de persona Frideres-Poos, José
9 (RLIN) 12428
245 10 - MENCIÓN DE TÍTULO
Título Systèmes et procédures de certification des qualifications au Luxembourg
Mención de responsabilidad, etc. José Frideres-Poos, Jean Tagliaferri
250 ## - MENCIÓN DE EDICIÓN
Mención de edición 2ème éd
260 ## - PUBLICACIÓN, DISTRIBUCIÓN, ETC (PIE DE IMPRENTA)
Lugar de publicación, distribución, etc. Berlin
Nombre del editor, distribuidor, etc. CEDEFOP, Centre européen pour le développement de la formation professionnelle
Fecha de publicación, distribución, etc. 1993
300 ## - DESCRIPCIÓN FÍSICA
Extensión II, 84 p.
Dimensiones 30 cm
490 1# - MENCIÓN DE SERIE
Mención de serie CEDEFOP panorama
500 ## - NOTA GENERAL
Nota general En la port., además: Mars 1993
541 ## - NOTA DE LA FUENTE INMEDIANTE DE ADQUISICIÓN
Forma de adquisición Gratuito
650 #4 - ASIENTO SECUNDARIO DE MATERIA--TÉRMINO DE MATERIA
Término de materia o nombre geográfico como elemento inicial calificación profesional
9 (RLIN) 28319
650 #4 - ASIENTO SECUNDARIO DE MATERIA--TÉRMINO DE MATERIA
Término de materia o nombre geográfico como elemento inicial equivalencia de certificados
9 (RLIN) 29943
650 #4 - ASIENTO SECUNDARIO DE MATERIA--TÉRMINO DE MATERIA
Término de materia o nombre geográfico como elemento inicial nivel educativo
9 (RLIN) 27448
650 #4 - ASIENTO SECUNDARIO DE MATERIA--TÉRMINO DE MATERIA
Término de materia o nombre geográfico como elemento inicial Luxemburgo
9 (RLIN) 26954
653 10 - TÉRMINO DE INDEXACIÓN--NO CONTROLADO
Término no controlado Educación
650 #4 - ASIENTO SECUNDARIO DE MATERIA--TÉRMINO DE MATERIA
9 (RLIN) 29282
Término de materia o nombre geográfico como elemento inicial evaluación del nivel de formación
650 #4 - ASIENTO SECUNDARIO DE MATERIA--TÉRMINO DE MATERIA
9 (RLIN) 26767
Término de materia o nombre geográfico como elemento inicial certificado
700 1# - ENCABEZAMIENTO SECUNDARIO--NOMBRE PERSONAL
Nombre de persona Tagliaferri, Jean
9 (RLIN) 24648
710 2# - ENCABEZAMIENTO SECUNDARIO--NOMBRE CORPORATIVO
9 (RLIN) 1909
Nombre de entidad o nombre de jurisdicción como elemento inicial Centro Europeo para el Desarrollo de la Formación Profesional
Término indicativo de función ed.
830 #0 - ENCABEZAMIENTO SECUNDARIO DE COLECCIÓN--TÍTULO UNIFORME
Título uniforme CEDEFOP panorama
9 (RLIN) 32411
902 ## - CES. TIPO DE DOCUMENTO
Tipodoc (006$c Sirtex) LIB Libro
942 ## - ELEMENTOS KOHA
Fuente de clasificaión o esquema Clasificación propia del CES
Koha [por defecto] tipo de item Monografías
Parte de clasificación 4.0.
Existencias
Número de registro Signatura completa Tipo de item de Koha
005759 DPT-2864 Monografías
© CES, Consejo Económico y Social de España 2021